00475nam a2200169 a 4500020001800000082001900018100002900037245005400066260003900120300000900159500003500168505001800203505002000221650001000241650002500251700002900276 a8120806441 00a294.59021bKEI aKeith, Arthur Berriedale aReligion of Philosophy of the Veda and Upanishads aDelhi bMotilal Banarsidass c1989 a312p aincludes index and biblioraphy2 asubject index2 asubject index00 aVedas aEschatology-Hinduism1 aKeith, Arthur Berriedale